000 01153nam0a2200289 4500
001 RU\NLR\bibl\1213613
005 20260405153244.0
010 _a978-5-9561-0276-3
_93000
035 _a(NLR Aleph) 001200015
090 _a1769807
_c1769807
100 _a20080411d2005 |||y0rusy50 ca
101 1 _arus
_ceng
102 _aRU
105 _aa |||||||||
200 1 _aДекоративная отделка ювелирных изделий
_e[от эмали и гравировки до инкрустации и зерни]
_fДжинкс Макграс
_g[пер. с англ. А.Н. Степановой]
210 _aМосква
_cАрт-родник
_dcop. 2005
215 _a128 с.
_cцв. ил.
_d25
300 _aНа обл. авт.: Джинкс МакГрас
320 _aАлф. указ.: с. 126-127
606 1 _aЮвелирные изделия
_xОтделка
_92018836
_3RU\NLR\auth\661213834
686 _aМ772.01
700 1 _4070
_8rus
_7ca
_aМакГрас
_bД.
_gДжинкс
_3RU\NLR\auth\7764261
_947190
801 0 _aRU
_bNLR
_c20080411
_gRCR
801 1 _aRU
_bNLR
_c20080411
942 _cBOOK
980 _aNB